Economic analysis of seed production of select vegetables in Palakkad district (Record no. 291108)

MARC details
000 -LEADER
fixed length control field 00589nam a22001817a 4500
082 ## - DEWEY DECIMAL CLASSIFICATION NUMBER
Classification number 630.33
Item number ANU/EC PG
100 ## - MAIN ENTRY--PERSONAL NAME
Personal name Anupama Rajeevan
245 ## - TITLE STATEMENT
Title Economic analysis of seed production of select vegetables in Palakkad district
260 ## - PUBLICATION, DISTRIBUTION, ETC. (IMPRINT)
Place of publication, distribution, etc Vellanikkara
Name of publisher, distributor, etc Department of agricultural economics, college of agriculture
Date of publication, distribution, etc 2023
300 ## - PHYSICAL DESCRIPTION
Extent 110,viip.
502 ## - DISSERTATION NOTE
Dissertation note MSc
650 ## - SUBJECT ADDED ENTRY--TOPICAL TERM
Topical term or geographic name as entry element Seed production
650 ## - SUBJECT ADDED ENTRY--TOPICAL TERM
Topical term or geographic name as entry element Agricultural economics
650 ## - SUBJECT ADDED ENTRY--TOPICAL TERM
Topical term or geographic name as entry element Hybrids
700 ## - ADDED ENTRY--PERSONAL NAME
Personal name Chitra Parayil (Guide)
856 ## - ELECTRONIC LOCATION AND ACCESS
Uniform Resource Identifier https://krishikosh.egranth.ac.in/handle/1/5810222836
942 ## - ADDED ENTRY ELEMENTS (KOHA)
Source of classification or shelving scheme Dewey Decimal Classification
Item type Theses
Holdings
Not for loan Collection code Home library Current library Shelving location Date acquired Full call number Barcode Date last seen Koha item type
Not For Loan Thesis KAU Central Library, Thrissur KAU Central Library, Thrissur Theses 20/03/2024 630.33 ANU/EC PG 175946 20/03/2024 Theses
Kerala Agricultural University Central Library
Thrissur-(Dt.), Kerala Pin:- 680656, India
Ph : (+91)(487) 2372219
E-mail: librarian@kau.in
Website: http://library.kau.in/